000 00758cab a2200265 4500
001 ABS44374
008 090401t1991 xxu||||| |||| 00| 0 eng d
035 _a(Sirsi) u46815
041 _aeng
100 _aSchofield, J.
245 _aFinishing off - using limewash and distemper in old buildings
260 _c1991
350 _a0
490 _aStructural Survey
_v9(4) Spring 1991, 364-369 (6)
520 _aDescribes the properties and correct use of limewash and distemper.
650 _aBUILT ENVIRONMENT-BUILDING MATERIALS
650 _aCONSERVATION
650 _aHISTORIC BUILDINGS
650 _aLIME
650 _aPAINT
650 _aPLASTER
690 _aBUILT ENVIRONMENT-BUILDING MATERIALS
942 _n0
948 _c04/03/1997
999 _c29564
_d29564